| Tag |
First Indicator |
Second Indicator |
Subfields |
| LEADER |
00000cam a2200000Ia 4500 |
| 001 |
in00002017594 |
| 005 |
20151031154929.0 |
| 008 |
041221s1987 ch a b f000 0 chi d |
| 035 |
|
|
|a (OCoLC)ocm57308043
|
| 040 |
|
|
|a TXA
|c TXA
|d UtOrBLW
|
| 043 |
|
|
|a a-ch---
|
| 049 |
|
|
|a TXAM
|
| 066 |
|
|
|c $1
|
| 090 |
|
|
|a HE280
|b .S55 1987
|
| 245 |
0 |
0 |
|6 880-01
|a Shi qu jie dao jiao tong te xing fen xi yu ji ben rong liang ding ding /
|c Jiao tong bu yun shu yan jiu suo.
|
| 264 |
|
1 |
|6 880-02
|a Taibei Shi :
|b Jiao tong bu yun shu yan jiu suo,
|c Minguo 76 [1987]
|
| 300 |
|
|
|a xii, 260 pages :
|b illustrations ;
|c 27 cm.
|
| 336 |
|
|
|a text
|b txt
|2 rdacontent
|
| 337 |
|
|
|a unmediated
|b n
|2 rdamedia
|
| 338 |
|
|
|a volume
|b nc
|2 rdacarrier
|
| 504 |
|
|
|a Includes bibliographical references (pages 218-226).
|
| 500 |
|
|
|a "76-44-129."
|
| 650 |
|
0 |
|a Transportation
|z Taiwan.
|
| 650 |
|
0 |
|a Transportation
|x Industrial capacity
|z Taiwan.
|
| 710 |
2 |
|
|6 880-03
|a Jiao tong bu yun shu yan jiu suo (China)
|
| 880 |
0 |
0 |
|6 245-01/$1
|a 市區街道交通特性分析與基本容量訂定 /
|c 交通部運輸研究所.
|
| 880 |
|
|
|6 264-02/$1
|a 台北市 :
|b 交通部運輸研究所,
|c 中華民國76 [1987]
|
| 880 |
2 |
|
|6 710-03/$1
|a 交通部運輸研究所 (China)
|
| 948 |
|
|
|a cataloged
|b h
|c 2004/12/22
|d o
|e kyu
|f 9:58:51 am
|
| 987 |
|
|
|a PINYIN
|b TXA
|d c
|
| 994 |
|
|
|a X0
|b TXA
|
| 999 |
|
|
|a MARS
|
| 999 |
f |
f |
|s c8a3c844-2396-3dba-b266-7665db01e8dc
|i 33c82f20-52ce-3b13-955f-47bdab91e25b
|t 0
|
| 952 |
f |
f |
|p ric
|a Texas A&M University
|b Rellis Campus
|c Joint Library Facility
|d Remote Storage
|t 0
|e HE280 .S55 1987
|h Library of Congress classification
|i unmediated -- volume
|m A14831708769
|
| 998 |
f |
f |
|a HE280 .S55 1987
|t 0
|l Remote Storage
|